|
|
|
|
| LEADER |
00971cam a2200373 i 4500 |
| 001 |
000045298 |
| 003 |
4470 |
| 005 |
20030226151925.0 |
| 008 |
010220|1998 vm 000 eng |
| 020 |
|
|
|a 0395858747
|
| 040 |
|
|
|a IRC
|c IRC
|d IRC
|
| 041 |
0 |
|
|a eng
|
| 082 |
1 |
4 |
|a 371.102
|b RY-K
|
| 100 |
1 |
|
|a Ryan, Kevin.
|
| 245 |
0 |
0 |
|a Those who can, teach /
|c Kevin Ryan.
|
| 250 |
|
|
|a 8th ed.
|
| 260 |
|
|
|a Boston :
|b Houghton Mifflin,
|c 1998.
|
| 300 |
|
|
|a xvi, 564p. :
|b col. ill.
|
| 630 |
0 |
4 |
|a Education.
|
| 630 |
0 |
4 |
|a Teaching.
|
| 650 |
0 |
4 |
|a Education
|x Social aspects
|z United States.
|
| 650 |
0 |
4 |
|a Teaching
|z United States.
|
| 650 |
0 |
4 |
|a Education
|z United States.
|
| 650 |
0 |
4 |
|a Students
|z United States
|x Social conditions.
|
| OWN |
|
|
|a DUT
|
| 999 |
|
|
|a From the UDN01
|
| TYP |
|
|
|a Monograph
|
| TYP |
|
|
|a Printed language
|
| 980 |
|
|
|a Mạng thư viện Đại học Đà Nẵng
|